Ambrose of Milan's method of mystagogical preaching / (Record no. 7951)
[ view plain ]
| 000 -LEADER | |
|---|---|
| fixed length control field | 00684nam a22002052 4500 |
| 001 - CONTROL NUMBER | |
| control field | 0000009528 |
| 005 - DATE AND TIME OF LATEST TRANSACTION | |
| control field | 20151217152056.0 |
| 008 - FIXED-LENGTH DATA ELEMENTS--GENERAL INFORMATION | |
| fixed length control field | 081103s xx 000 0 eng d |
| 020 ## - INTERNATIONAL STANDARD BOOK NUMBER | |
| International Standard Book Number | 0814661858 : |
| Terms of availability | KES 2621.25 |
| 040 ## - CATALOGING SOURCE | |
| Original cataloging agency | KABU |
| Transcribing agency | KABU |
| 100 1# - MAIN ENTRY--PERSONAL NAME | |
| Personal name | Satterlee, Craig Alan. |
| -- | 0000161097 |
| 245 10 - TITLE STATEMENT | |
| Title | Ambrose of Milan's method of mystagogical preaching / |
| Statement of responsibility, etc. | Craig Alan Satterlee. |
| 260 ## - PUBLICATION, DISTRIBUTION, ETC. (IMPRINT) | |
| Place of publication, distribution, etc. | Collegeville, Minnesota : |
| Name of publisher, distributor, etc. | Liturgical Press, |
| Date of publication, distribution, etc. | 2002. |
| 300 ## - PHYSICAL DESCRIPTION | |
| Extent | xxiv, 391 p. |
| 650 #0 - SUBJECT ADDED ENTRY--TOPICAL TERM | |
| Topical term or geographic name as entry element | Ambrose, Saint, Bishop of Milan. |
| -- | 0000161098 |
| 650 #0 - SUBJECT ADDED ENTRY--TOPICAL TERM | |
| Topical term or geographic name as entry element | Mystagogy |
| General subdivision | Catholic Church. |
| -- | 0000161099 |
| 908 ## - PUT COMMAND PARAMETER (RLIN) | |
| Put command parameter | 081103 |
| 950 ## - LOCAL HOLDINGS (RLIN) | |
| -- | 1 |
| Withdrawn status | Lost status | Source of classification or shelving scheme | Not for loan | Home library | Current library | Date acquired | Total Checkouts | Full call number | Barcode | Date last seen | Price effective from | Koha item type |
|---|---|---|---|---|---|---|---|---|---|---|---|---|
| Library of Congress Classification | Kabarak, Main Campus | Kabarak, Main Campus | 17/12/2015 | BR1720 .A5S28 c. 1 | 15123 | 02/08/2024 | 17/12/2015 | General Collection |